<?xml version="1.0" encoding="UTF-8"?>
<collection xmlns="http://www.loc.gov/MARC21/slim">
 <record>
  <leader>00499pamaa2200169   4500</leader>
  <controlfield tag="001">0000038659</controlfield>
  <controlfield tag="005">20090609090000.0</controlfield>
  <datafield tag="020" ind1="0" ind2="0">
   <subfield code="a">3527305858 </subfield>
  </datafield>
  <datafield tag="090" ind1="0" ind2="0">
   <subfield code="a">TD193 </subfield>
   <subfield code="b">ENV 2005</subfield>
  </datafield>
  <datafield tag="245" ind1="1" ind2="0">
   <subfield code="a">ENVIRONMENTAL biotechnology : </subfield>
   <subfield code="b">concepts and applications  </subfield>
   <subfield code="c">Edited by Hans-Joachim Jordening and Josef Winter.</subfield>
  </datafield>
  <datafield tag="260" ind1="0" ind2="0">
   <subfield code="a">Weinheim: </subfield>
   <subfield code="b">Wiley-VCH, </subfield>
   <subfield code="c">2005.</subfield>
  </datafield>
  <datafield tag="300" ind1=" " ind2=" ">
   <subfield code="a">xxiii, 463p.: </subfield>
   <subfield code="b">ill.; </subfield>
   <subfield code="c">25 cm.</subfield>
  </datafield>
  <datafield tag="650" ind1="0" ind2="0">
   <subfield code="a">Bioremediation </subfield>
  </datafield>
  <datafield tag="700" ind1="1" ind2="1">
   <subfield code="a">Jordening, </subfield>
   <subfield code="h">Hans-Joachim </subfield>
  </datafield>
  <datafield tag="700" ind1="1" ind2="1">
   <subfield code="a">Winter, </subfield>
   <subfield code="h">Josef </subfield>
  </datafield>
 </record>
</collection>
